000 00521nam a22001817a 4500
003 KOHA_MİRAKIL
005 20241021073153.0
008 241021b tu ||||| |||| 00| 0 tur d
020 _a9786257779784
040 _aTR-AnABB
_btur
_cTR-AnABB
041 _atur
082 _a297.8241
_bKUD 2022
245 0 0 _aKudüs :
_bmukaddes miras /
_ceditör: Fatih Kurt
260 _aAnkara :
_bDiyanet İşleri Başkanlığı,
_c2022
300 _a95 sayfa ;
_c21 cm
650 0 4 _aDin, Kutsal şehirler
942 _2ddc
_cBK
999 _c7944
_d7944
900 _bCan ÇELIK